000 00762cad a22002175a 4500
001 L159793
008 150226s2016 xxk f 000 0 eng d
035 _a(Sirsi) u159793
041 0 _aeng
100 1 _aMann, Will
245 0 4 _aThe right altitude
260 _c2016
490 _aModus
_vMarch 2016, 40-41 (2)
520 _aLooks at the Summit House, the latest project of a low-carbon investment fund Low Carbon Workplace, which is transforming ageing commercial buildings into energy-efficient, modern offices.
590 _aKA
650 2 4 _aRefurbishment
_96264
650 2 4 _aENVIRONMENTAL AND LAND CONSULTANCY-ENERGY-ENERGY USE-ENERGY EFFICIENCY
650 2 4 _aINVESTMENT FUNDS
690 _aBUILDING AND CONSTRUCTION-PROJECTS
942 _n0
_2ddc
999 _c84990
_d84990